| 000 | 00456nam a22001817a 4500 | ||
|---|---|---|---|
| 003 | MPLRDC | ||
| 005 | 20220104114116.0 | ||
| 008 | 210129b ||||| |||| 00| 0 eng d | ||
| 020 | _a7-5006-1676-7 | ||
| 082 | _a782.886 ZEL-11 | ||
| 100 | _aNHK 采访组 | ||
| 245 |
_a周恩来的决断 _c肖红 译 |
||
| 250 | _a一版一刷 | ||
| 260 |
_a _b中国青年出版社 _c1994 |
||
| 300 | _b平 | ||
| 650 | _a周恩来传记 | ||
| 942 |
_cBK _o782.886 ZEL-11 |
||
| 999 |
_c4891 _d4881 |
||